[Event "Indian Summer"]
[Site "SchemingMind.com"]
[Date "2014.10.16"]
[Round "-"]
[White "David Perna-Fraser"]
[Black "Glenn O'Brien"]
[Result "1-0"]
[WhiteCountry "CAN"]
[BlackCountry "AUS"]
[WhiteElo "2215"]
[WhiteRD "55"]
[BlackElo "2047"]
[BlackRD "76"]
[GameID "366922"]

1. e4 e5 2. Nf3 Nc6 3. Bb5 a6 4. Ba4 Nf6 5. O-O Be7 6. Re1 b5 7. Bb3 O-O 8. c3 d6 9. d4 Bg4 10. Be3 exd4
11. cxd4 Na5 12. Bc2 c5 13. dxc5 dxc5 14. Nc3 Nc4 15. e5 Qxd1 16. Raxd1 Nd7 17. Nd5 Bd8 18. b3 Ncxe5 19. Nxe5 Nxe5 20. Rb1 Nd7
21. f3 Be6 22. Nf4 g5 23. Nxe6 fxe6 24. Rbd1 Ra7 25. Rd6 Bf6 26. Red1 Bd4 27. Bxd4 cxd4 28. R1xd4 Nc5 29. b4 Na4 30. Bxa4 bxa4
31. Rxe6 Rc8 32. Re2 Kf7 33. Kf2 Rb7 34. Kg3 Rb5 35. Rd7+ Kg8 36. Ree7 h5 37. Rg7+ Kf8 38. Rh7 h4+ 39. Kh3 Kg8 40. Rhg7+ Kf8
41. Rg6 a5 42. Rdg7 Rxb4 43. Rxg5 Rc2 44. Ra7 Rxa2 45. Rh5 Kg8 46. Rc5 Rf4 47. Rc8+ Rf8 48. Rxf8+ Kxf8 49. Rxa5 Kf7 50. Rh5 a3
51. Rxh4 Ke6 52. Ra4 Kd5 53. g4 Ra1 54. Kg3 Kc6 55. h4 a2 56. Kf4 Kb5 57. Ra8 Kb4 58. h5 Kb3 59. h6 Rh1 60. Rxa2 Kxa2
61. g5 Kb2 62. Kf5 Ka3 63. g6 Rh5+ 64. Kf6 Rxh6 65. f4 Kb4 66. f5 Kb5 67. Kg7 Rh4 68. f6 Rd4 69. f7 Rd7 70. Kg8
1-0